| 000 | 00000nam 2200000za 4500 |
| 001 | 9.608274 |
| 003 | CaOODSP |
| 005 | 20221107134212 |
| 007 | cr ||||||||||| |
| 008 | 150406s1950||||xxc ||||o f000 0 fre d |
| 040 | |aCaOODSP|bfre |
| 043 | |an-cn--- |
| 086 | 1 |aA13-1/114-1950F-PDF|zA12-2/114-1950F-PDF |
| 100 | 1 |aBerkeley, G. H. |
| 245 | 10|aLes maladies du prunier et leur traitement |h[ressource électronique] / |cpar G.H. Berkeley. |
| 246 | 3 |aMaladies des fruits II |
| 250 | |aRéimpression |
| 260 | |aOttawa : |bMinistère de l'agriculture, |c1950. |
| 300 | |a11 p. |
| 490 | 1 |aCirculaire|v114 |
| 490 | 1 |aMaladies des fruits ; |v2 |
| 500 | |a« Publication 532, Publié en janvier 1950, Réimpression » |
| 500 | |aSur la couv. : Division de botanique et de phytopathologie, Service scientifique, Ottawa |
| 500 | |aPublication historique numérisée par Agriculture et Agroalimentaire Canada. |
| 500 | |aPublié aussi en anglais sous le titre : Diseases of plums and their control. |
| 590 | |a15-02-Supp|b2015-02-16 |
| 691 | 07|aCultures fruitières|2gcpds |
| 691 | 07|aMaladie|2gcpds |
| 710 | 1 |aCanada. |bMinistère de l'agriculture. |
| 710 | 1 |aCanada.|bMinistère de l'agriculture.|bService scientifique. |
| 775 | 08|tDiseases of plums and their control |w(CaOODSP)9.579988 |
| 830 | #0|aCirculaire (Canada. Ministère de l'agriculture)|v114|w(CaOODSP)9.504255|aMaladies des fruits ;|v2 |
| 856 | 40|ahttp://publications.gc.ca|qPDF|s952 Ko|uhttps://publications.gc.ca/collections/collection_2015/aac-aafc/A12-2-114-1950-fra.pdf|yCirculaire 114 |
| 986 | |aPublication 532 |